Dans quelle série Netflix apparaît ce personnage? - Statistiques

Statistiques générales
  • Ce quiz a été pris 325 fois
  • Le résultat moyen est 3 sur 15
Statistiques - réponses
Hint Réponse % Correct
Arturo Román La Casa de Papel
73%
Rafe Cameron Outer Banks
65%
Dustin Henderson Stranger Things
57%
Saul Goodman Breaking Bad
33%
Kang Sae-Byeok Squid Game
32%
Jinx Arcane
24%
Shuntaro Chishiya Alice in Borderland
19%
Robby Keene Cobra Kai
16%
Carol Peletier The Walking Dead
10%
Cal Stone Manifest
7%
Simone Ashley La Chronique des Bridgerton
4%
Chidi Anagonye The Good Place
3%
Eric Foreman Dr House
2%
Joe Cole Peaky Blinders
1%
Lizzie Horowitz Mo
0%
Aucun quiz correspondant
Distribution des résultats
% des personnes avec chaque résultat
Percentile par nombre de réponses
Votre historique - résultats
Vous n’avez pas pris ce quiz